000
00289nam a22001337a 4500
008
181031b xxu||||| |||| 00| 0 eng d
020
_a
9781565921160
041
_a
eng
080
_a
004
100
_a
28
101
_a
SHK
245
_a
C++ The Core Language
_c
Satir,G
942
_2
udc
_c
BK
999
_c
51213
_d
51213